Spinach Dishes - Sudden Death - Statistics

General Stats
  • This quiz has been taken 31 times
  • The average score is 5 of 16
Answers on the Grid
Answers color-coded by a green-red scale on the quiz's grid according to % correct below.
Saag paneer
Aloo palak
Oysters Rockefeller
Joe's Special
Nargesi
Mchicha
Spanakopita
Spanakorizo
Eggs Sardou
Chicken Florentine
Soufflé aux épinards
Oreilles d'âne
Cannelloni ricotta e spinaci
Paparot
Espinacas con garbanzos
Pinaattikeitto
Imelletty perunalaatikko
Oysters Kilpatrick
Eggs Royale
Caesar salad
Spaghetti alle vongole
Gambas con gabardina
Chicken teriyaki
Nargesi kebab
Oreilles de crisse
Sapin-sapin
Lancashire hotpot
Chicken tandoori
 
Answer Stats
Answer % Correct
Cannelloni ricotta e spinaci
79%
Espinacas con garbanzos
67%
Chicken Florentine
63%
Spanakopita
58%
Soufflé aux épinards
54%
Saag paneer
42%
Spanakorizo
38%
Aloo palak
25%
Joe's Special
21%
Eggs Sardou
17%
Pinaattikeitto
17%
Mchicha
13%
Oysters Rockefeller
13%
Oreilles d'âne
8%
Paparot
8%
Nargesi
4%
No matching quizzes found
Score Distribution
Percent of People with Each Score
Percentile by Number Answered
Your Score History
You have not taken this quiz